• 首页
  • 本馆介绍
  • 公告通知
  • 最新文献
  • 馆藏检索
  • 电子资源
  • 读者导购
  • 参考咨询
  • 我的图书馆
  • 登录
  • 详细信息显示
  • 放入我的书架
  • 预约/预借图书
  • 作者相关作品
  • 分类相关作品
  • 丛书相关作品
  • 出版社相关作品

书目信息

  • 表格格式
  • 工作单格式
  • 卡片格式
题名:
傅大卣手拓印章集
    
 
作者: 傅大卣 辑
分册:  
出版信息: 北京   中华书局  1986
页数: 208页
开本: 19cm
丛书名:
单 册:
中图分类: J292.47 , J292.42
科图分类:
主题词: 印谱--中国--现代 , 书法--中国 , 篆刻--中国
电子资源:
ISBN:
000 00707nam0 2200277 45
001 0186011665
005 20040520094131.2
010    @dCNY3.50
091    @a9018.189
100    @a19900813d1986 em y0chiy0121 ea
101 0  @achi
102    @aCN@b110000
105    @ai z 000yy
106    @ar
200 10 @a傅大卣手拓印章集@Afu da you shou tuo yin zhang ji@f傅大卣辑
210    @a北京@c中华书局@d1986
215    @a208页@d19cm
606    @a印谱@y中国@z现代
606 0  @a书法@x中国
606 0  @a篆刻@x中国
690    @aJ292.47@v3
690    @aJ292.42
701  0 @a傅大卣@Afu da you@4辑
801  0 @aCN@b深圳图书馆@c20040520
801  2 @aCN@bNLC@c20040520
905    @f1@b163794@dJ292.42@e122
    
    傅大卣手拓印章集/傅大卣辑.-北京:中华书局,1986
    208页;19cm
    
    
    ISBN :CNY3.50
    
●
相关链接 在E读中查询图书 在五车中查询图书 在当当中查询图书 在豆瓣中查询图书


正题名:傅大卣手拓印章集     索取号:J292.42/122         预约/预借

序号 登录号 条形码 馆藏地/架位号 状态 备注
1 0163794   000792495   第一借阅区/ [索取号:J292.42/122] 在馆    
2 0163795   000792501   第一样本阅览室/ [索取号:J292.42/122] 在馆    
唐山师范学院图书馆 欢迎您!
大连网信软件有限公司© 版权所有